|
|
|
|
| LEADER |
00000nab a2200000 a 4500 |
| 001 |
vtls010713589 |
| 003 |
SK-MaSNL |
| 005 |
20260304193350.0 |
| 008 |
250709s1999 xo |||||||||||||||||slo| |
| 035 |
|
|
|a (urnnbn)urn:nbn:sk:snk:ar-a04ay4
|
| 035 |
|
|
|a (uuid)05b9382a-9285-419d-84d9-6d6c0af060b7
|
| 035 |
|
|
|a urn:nbn:sk:snk-ab3g8z
|
| 040 |
|
|
|a SNKBUCL
|b slo
|c SNKBUCL
|e AACR2
|
| 041 |
0 |
|
|a eng
|
| 044 |
|
|
|a xo
|c SK
|
| 100 |
1 |
|
|a Závada, Petr
|4 aut
|9 1527362
|
| 245 |
1 |
0 |
|a PROTON SPIN STRUCTURE AND QUARK-PARTON MODEL
|c Petr Závada
|
| 773 |
0 |
|
|t Acta Physica Slovaca : fyzikálny časopis
|g Roč. 49, č. 2 (1999), s. 273-308
|
| 850 |
|
|
|a Slovenská národná knižnica
|
| 852 |
|
|
|a Slovenská národná knižnica
|
| 958 |
|
|
|a article1
|
| 958 |
|
|
|a OND
|
| 958 |
|
|
|a EUIPO
|
| 999 |
|
|
|c 3066366
|d 3068296
|